Lifting of moratorium on ESA listings : hearing before the Committee on Resources, House of Representatives, One Hundred Fourth Congress, second session, on lifting of the moratorium on listing of threatened or endangered species under the Endangered Species Act which was imposed in April, 1995, of ESA; and the need for a comprehensive reform, June 25, 1996--Washington, DC.

Bibliographic Details
Corporate Author: United States. Congress. House. Committee on Resources (Author)
Format: Government Document eBook
Language:English
Published: Washington : U.S. Government Printing Office, 1996.
Subjects:
Online Access:https://purl.fdlp.gov/GPO/gpo117916

MARC

Tag First Indicator Second Indicator Subfields
LEADER 00000cam a2200000 i 4500
001 in00004062921
005 20190718165135.0
006 m o d f
007 cr |||||||||||
008 101115s1996 dcuab ob f000 0 eng c
019 |a 652490424  |a 654731336  |a 657514893  |a 1084728580 
035 |a (OCoLC)ocn681620028 
040 |a OCLCE  |b eng  |e rda  |e pn  |c OCLCE  |d OCLCQ  |d OCLCF  |d OCLCQ  |d OCLCO  |d OCLCQ  |d GPO  |d MvI  |d UtOrBLW 
042 |a dlr  |a pcc 
043 |a n-us--- 
049 |a WWW 
074 |a 1023-C (online) 
086 0 |a Y 4.R 31/3:104-89 
088 |a Serial no. 104-89 (United States. Congress. House. Committee on Resources) 
110 1 |a United States.  |b Congress.  |b House.  |b Committee on Resources,  |e author.  |0 http://id.loc.gov/authorities/names/no95014214 
245 1 0 |a Lifting of moratorium on ESA listings :  |b hearing before the Committee on Resources, House of Representatives, One Hundred Fourth Congress, second session, on lifting of the moratorium on listing of threatened or endangered species under the Endangered Species Act which was imposed in April, 1995, of ESA; and the need for a comprehensive reform, June 25, 1996--Washington, DC. 
246 3 |a Lifting of moratorium on Endangered Species Act listings 
264 1 |a Washington :  |b U.S. Government Printing Office,  |c 1996. 
300 |a 1 online resource (iii, 204 pages) :  |b illustrations, maps 
336 |a text  |b txt  |2 rdacontent 
337 |a computer  |b c  |2 rdamedia 
338 |a online resource  |b cr  |2 rdacarrier 
588 |a Description based on online resource; title from PDF title screen (govinfo web site, viewed on March 25, 2019). 
504 |a Includes bibliographical references. 
500 |a "Serial number 104-89." 
650 0 |a Endangered species  |x Government policy  |z United States. 
650 0 |a Endangered species  |x Law and legislation  |z United States.  |0 http://id.loc.gov/authorities/subjects/sh2008103037 
655 7 |a Legislative hearings.  |2 lcgft  |0 http://id.loc.gov/authorities/genreForms/gf2013025047 
776 0 8 |i Print version:  |a United States. Congress. House. Committee on Resources.  |t Lifting of moratorium on ESA listing  |w (DLC) 97112752  |w (OCoLC)35984974 
776 0 8 |i Microfiche version:  |a United States. Congress. House. Committee on Resources.  |t Lifting of moratorium on ESA listings  |w (OCoLC)37431595 
856 4 0 |u https://purl.fdlp.gov/GPO/gpo117916  |t 0 
999 f f |s 251481d8-ef67-3b2c-9ecb-cff43c272528  |i 369d8b57-6181-30a3-a085-827e98eb6b02  |t 0 
952 f f |a Texas A&M University  |b College Station  |c Electronic Resources  |d Available Online  |t 0  |e Y 4.R 31/3:104-89  |h Superintendent of Documents classification 
998 f f |a Y 4.R 31/3:104-89  |t 0  |l Available Online